লোডিং...
Elements of Applied Stochastic Processes
| প্রধান লেখক: | |
|---|---|
| অন্যান্য লেখক: | |
| বিন্যাস: | Printed Book |
| ভাষা: | Undetermined English |
| প্রকাশিত: |
United States of America
Wiley Interscience
2002
|
| সংস্করন: | 3 |
| বিষয়গুলি: |
| LEADER | 00636nam a2200205Ia 4500 | ||
|---|---|---|---|
| 008 | 140306s9999 xx 000 0 und d | ||
| 020 | |a 0471414425 | ||
| 041 | |a eng | ||
| 082 | |a 519.23 |b NAR/EL | ||
| 100 | |a Miller, Gregory K. | ||
| 245 | |a Elements of Applied Stochastic Processes | ||
| 250 | |a 3 | ||
| 260 | |a United States of America |b Wiley Interscience |c 2002 | ||
| 300 | |a 461 | ||
| 365 | |b Rs.5112.68/- | ||
| 650 | |a Markov Chains | ||
| 700 | |a Narayanan, Bhat | ||
| 942 | |2 ddc |c BK | ||
| 999 | |c 186626 |d 186626 | ||
| 952 | |0 0 |1 0 |2 ddc |4 0 |6 519_230000000000000_NAR_EL |7 0 |9 192626 |a KAUCBV |b KAUCBV |g 5112.68 |o 519.23 NAR/EL |r 2014-03-22 |w 2014-03-22 |y BK | ||